000 00953nas a2200253 4500
001 BR8100256
003 BR-BrBNA
005 20231205084454.0
007 ta
008 230509b bl.|||p| |||| 00| 00por d
040 _aBR-BrBNA
_bpor
_cBiblioteca Nacional de Agricultura
041 _a(Pt)
072 _aH10
100 1 _aLordello, A.I.L.
100 1 _aLara, F.M.
245 1 _aPreferencia para oviposicao de Spodoptera fungiperda (J.E. Smith, 1797)em sorgo, em condicoes de laboratorio [Lagarta; Sorgum bicolor]
246 1 _aOviposition preference of Spodoptera frugiperda (J.E. Smith, 1797)to sorghum genotypes in laboraty conditions [Caterpillar; Sorghum bicolor]
650 _aPraga de planta
650 _aSorgo granifero
650 _aLagarta
773 0 _tAnais da Sociedade Entomologica do Brasil (Brazil)
_xISSN 0301-8059
_g(1980), v. 9(1) p. 11-21
_wBR8100256
909 _a202311
_bLúcia
_c55
_dLúcia Elande
942 _2AGRIS
_n0
_cANA
999 _c105459
_d105459